Countries with the Common Genet - Statistics

General Stats
  • This quiz has been taken 12 times
  • The average score is 36 of 45
Answer Stats
Answer % Correct
Egypt
100%
Algeria
89%
Botswana
89%
Chad
89%
Gambia
89%
Kenya
89%
Mauritania
89%
Morocco
89%
Mozambique
89%
Niger
89%
Nigeria
89%
Somalia
89%
South Africa
89%
South Sudan
89%
Sudan
89%
Tanzania
89%
Togo
89%
Uganda
89%
Zambia
89%
Zimbabwe
89%
Angola
78%
Benin
78%
Cameroon
78%
Central African Republic
78%
Djibouti
78%
Eritrea
78%
Ethiopia
78%
France
78%
Ghana
78%
Guinea
78%
Italy
78%
Ivory Coast
78%
Libya
78%
Mali
78%
Senegal
78%
Andorra
67%
Burkina Faso
67%
Lesotho
67%
Namibia
67%
Portugal
67%
Spain
67%
Tunisia
67%
Oman
56%
Saudi Arabia
56%
Yemen
56%
No matching quizzes found
Score Distribution
Percent of People with Each Score
Percentile by Number Answered
Your Score History
You have not taken this quiz